000
00420nam a22001697a 4500
003
MPLRDC
005
20220104143216.0
008
210129b ||||| |||| 00| 0 eng d
082
_a
440.6 GF
100
_a
海利. 高夫绘;
245
_a
拍脑袋的发明
_c
小云译
250
_a
一版一刷
260
_a
_b
光明日报出版社
_c
1985
300
_b
平
650
_a
专利与发明
942
_c
BK
_o
440.6 GF
999
_c
37671
_d
37661